Detalles MARC
| 000 -CABECERA |
| campo de control de longitud fija |
01164nam a2200289 a 4500 |
| 003 - IDENTIFICADOR DEL NÚMERO DE CONTROL |
| campo de control |
DO-SdBNP |
| 005 - FECHA Y HORA DE LA ÚLTIMA TRANSACCIÓN |
| campo de control |
20221115082058.0 |
| 007 - CAMPO FIJO DE DESCRIPCIÓN FÍSICA--INFORMACIÓN GENERAL |
| campo de control de longitud fija |
ta |
| 008 - DATOS DE LONGITUD FIJA--INFORMACIÓN GENERAL |
| campo de control de longitud fija |
221114e2022 dr ao||gr|||| 001 edspa d |
| 020 ## - NÚMERO INTERNACIONAL ESTÁNDAR DEL LIBRO |
| Número Internacional Estándar del Libro |
9789945635492 |
| 040 ## - FUENTE DE LA CATALOGACIÓN |
| Centro catalogador/agencia de origen |
DO-SdBNP |
| Lengua de catalogación |
spa |
| Centro/agencia transcriptor |
BNPHU |
| 082 #4 - NÚMERO DE LA CLASIFICACIÓN DECIMAL DEWEY |
| Número de edición |
22 |
| Número de documento/Ítem |
P438a |
| Número de clasificación |
152.41 |
| 100 1# - ENTRADA PRINCIPAL--NOMBRE DE PERSONA |
| 9 (RLIN) |
55994 |
| Nombre de persona |
Pérez de Disla, Digna Emérita |
| 245 10 - MENCIÓN DE TÍTULO |
| Título |
Amor sin límites: |
| Resto del título |
amar es dar sin esperar recibir. / |
| Mención de responsabilidad, etc. |
Digna Emérita Pérez Disla, Prólogo, Pedro Ramón Gómez Velásquez, Blanca Margarita Martínez de Gómez. |
| 250 ## - MENCIÓN DE EDICIÓN |
| Mención de edición |
2da ed. |
| 260 ## - PUBLICACIÓN, DISTRIBUCIÓN, ETC. |
| Lugar de publicación, distribución, etc. |
Santo Domingo : |
| Nombre del editor, distribuidor, etc. |
Santuario, |
| Fecha de publicación, distribución, etc. |
2022 |
| 300 ## - DESCRIPCIÓN FÍSICA |
| Extensión |
169 p. : |
| Otras características físicas |
il., retr. |
| Dimensiones |
21 cm |
| 500 ## - NOTA GENERAL |
| Nota general |
Incluye datos biográficos de la autora en las cubiertas de las solapas. |
| 590 ## - NOTA LOCAL (RLIN) |
| Nota local |
Inventariado 2022 / MF |
| 650 #4 - PUNTO DE ACCESO ADICIONAL DE MATERIA--TÉRMINO DE MATERIA |
| 9 (RLIN) |
55995 |
| Término de materia o nombre geográfico como elemento de entrada |
Amor |
| Subdivisión general |
Aspectos Religiosos |
| Subdivisión geográfica |
República Dominicana |
| 650 #4 - PUNTO DE ACCESO ADICIONAL DE MATERIA--TÉRMINO DE MATERIA |
| 9 (RLIN) |
5156 |
| Término de materia o nombre geográfico como elemento de entrada |
Amor de Dios |
| Subdivisión general |
Enseñanza Bíblica |
| Subdivisión geográfica |
República Dominicana |
| 650 #4 - PUNTO DE ACCESO ADICIONAL DE MATERIA--TÉRMINO DE MATERIA |
| 9 (RLIN) |
45265 |
| Término de materia o nombre geográfico como elemento de entrada |
Amor |
| Subdivisión general |
Aspectos Psicológico |
| Subdivisión geográfica |
República Dominicana |
| 700 1# - PUNTO DE ACCESO ADICIONAL--NOMBRE DE PERSONA |
| Nombre de persona |
Gómez Velásquez, Pedro Ramón, |
| Término indicativo de función/relación |
pról. |
| 9 (RLIN) |
82823 |
| 700 1# - PUNTO DE ACCESO ADICIONAL--NOMBRE DE PERSONA |
| 9 (RLIN) |
55997 |
| Nombre de persona |
Martínez de Gómez, Blanca Margarita |
| Término indicativo de función/relación |
pról. |
| 910 ## - DATOS DE OPCIÓN DEL USUARIO (OCLC) |
| Datos de opción del usuario |
MFeliz |
| 942 ## - ELEMENTOS DE PUNTO DE ACCESO ADICIONAL (KOHA) |
| Fuente del sistema de clasificación o colocación |
Dewey Decimal Classification |
| Tipo de ítem Koha |
Libro |